000 006600000a22001930004500
090 _aAR
_b03870
100 1 _aWilliams, L. H.
_997692
245 1 0 _aFeeding habits and food preferences of Acrididae and the factors that determine them
500 _a<Colección Biocomercio>
650 1 4 _aEntomología
_94483
650 1 4 _aSelección de comida
_997038
650 1 4 _aMorfología animal
_99953
653 _gLocusta
_eLocusta migratoria
653 _gSchistocerca
_eSchistocerca gregaria
653 _gChorthippus
_eChorthippus bicolor
041 0 _aInglés
942 _cARTICULO
773 1 _tTransactions of the Royal Entomological Society
_q423-454
_d1954
_g105
999 _c12905
_d12905